Power conversion and control of wind energy systems (Record no. 12018)

000 -LEADER
fixed length control field 01785cam a22003494a 4500
001 - CONTROL NUMBER
control field 16552443
005 - DATE AND TIME OF LATEST TRANSACTION
control field 20170105102353.0
008 - FIXED-LENGTH DATA ELEMENTS--GENERAL INFORMATION
fixed length control field 101124s2011 njua b 001 0 eng
010 ## - LIBRARY OF CONGRESS CONTROL NUMBER
LC control number 2010045226
020 ## - INTERNATIONAL STANDARD BOOK NUMBER
International Standard Book Number 9780470593653 (hbk.)
020 ## - INTERNATIONAL STANDARD BOOK NUMBER
International Standard Book Number 9781118029008 (hbk.)
020 ## - INTERNATIONAL STANDARD BOOK NUMBER
International Standard Book Number 9781118028995 (ePDF)
020 ## - INTERNATIONAL STANDARD BOOK NUMBER
International Standard Book Number 9781118028988 (ePUB)
035 ## - SYSTEM CONTROL NUMBER
System control number (OCoLC)ocn676726336
040 ## - CATALOGING SOURCE
Original cataloging agency DLC
Transcribing agency DLC
Modifying agency YDX
-- BTCTA
-- YDXCP
-- BWX
-- CDX
-- DLC
042 ## - AUTHENTICATION CODE
Authentication code pcc
050 00 - LIBRARY OF CONGRESS CALL NUMBER
Classification number TK1541
Item number .P685 2011
082 00 - DEWEY DECIMAL CLASSIFICATION NUMBER
Classification number 621.312136
Edition number 22
084 ## - OTHER CLASSIFICATION NUMBER
Classification number TEC031000
Number source bisacsh
245 00 - TITLE STATEMENT
Title Power conversion and control of wind energy systems
Statement of responsibility, etc. Bin Wu
260 ## - PUBLICATION, DISTRIBUTION, ETC.
Place of publication, distribution, etc. Piscataway, NJ :
Name of publisher, distributor, etc. IEEE Press ;
Place of publication, distribution, etc. Hoboken, N.J. :
Name of publisher, distributor, etc. Wiley,
Date of publication, distribution, etc. c2011.
300 ## - PHYSICAL DESCRIPTION
Extent xxiv, 453 p. :
Other physical details ill. ;
Dimensions 25 cm.
490 1# - SERIES STATEMENT
Series statement IEEE Press series on power engineering
Volume/sequential designation 29
504 ## - BIBLIOGRAPHY, ETC. NOTE
Bibliography, etc. note Includes bibliographical references and index.
520 ## - SUMMARY, ETC.
Summary, etc. "The book covers a wide range of topics on wind energy conversion and control from the electrical engineering aspect. It includes wind generators and modeling, power converters and modulation schemes, operating principle of fixed and variable speed wind turbines, advanced generator control schemes, active and reactive power controls of individual wind and is a valuable reference book for academic researchers, practicing engineers, and other professionals. The book can also be used as a textbook for graduate level and final year undergraduate-level courses"--
650 #0 - SUBJECT ADDED ENTRY--TOPICAL TERM
Topical term or geographic name entry element Wind energy conversion systems.
700 1# - ADDED ENTRY--PERSONAL NAME
Personal name Wu, B.
Fuller form of name (Bin),
Dates associated with a name 1957-
830 #0 - SERIES ADDED ENTRY--UNIFORM TITLE
Uniform title IEEE Press series on power engineering.
906 ## - LOCAL DATA ELEMENT F, LDF (RLIN)
a 7
b cbc
c orignew
d 1
e ecip
f 20
g y-gencatlg
942 ## - ADDED ENTRY ELEMENTS (KOHA)
Source of classification or shelving scheme
Koha item type Book
Holdings
Withdrawn status Lost status Damaged status Not for loan Collection code Permanent Location Current Location Shelving location Date acquired Source of acquisition Cost, normal purchase price Total Checkouts Total Renewals Full call number Barcode Date last seen Date last checked out Price effective from Koha item type
          Central Library (CL) Central Library (CL) General Stacks 07/03/2013 Allied Book Company 10222.08 4 1 621.312136 BIN SEECS012523 09/21/2022 02/23/2021 07/11/2013 Book
© 2023 Central Library, National University of Sciences and Technology. All Rights Reserved.